Licenciamento ambiental / (Record no. 619)

MARC details
000 -LÍDER
Campo Fixo de Controle 00803nam a2200265 a 4500
001 - NÚMERO DE CONTROLE
Campo de Controle 619
003 - IDENTIFICAÇÃO DO NÚMERO DE CONTROLE
Campo de Controle BR-CuiBMT
005 - DATA E HORA DA ÚLTIMA ATUALIZAÇÃO
Campo de Controle 20231213131808.0
008 - DADOS FIXOS
Dados Fixos 231110s2019 mgb 000 0 por d
020 ## - INTERNATIONAL STANDARD BOOK NUMBER
Nº do ISBN 9788545005353
040 ## - AGÊNCIA CATALOGADORA
Código da Agência Catalogadora BR-CuiBMT
Agência que transcreveu o registro BR-CuiBMT
080 ## - Nº DA CLASSIFICAÇÃO DECIMAL UNIVERSAL
Nº edição CDU 2007
Nº Class. CDU 502.14
090 ## - NÚMERO DE CHAMADA
Nº classificação 502.14
Cutter B611l
Ano/Edição 4. ed.
100 1# - ENTRADA PRINCIPAL -- AUTOR PESSOAL
Nome pessoal Bim, Eduardo Fortunato
245 10 - TÍTULO PRINCIPAL
Título principal Licenciamento ambiental /
Indicação de responsabilidade Eduardo Fortunato Bim ; prefácio Talden Farias.
250 ## - EDIÇÃO
Edição 4. ed.
260 ## - PUBLICAÇÃO, DISTRIBUIÇÃO, ETC.
Local de publicação Belo Horizonte :
Editora Fórum,
Data 2019.
300 ## - DESCRIÇÃO FÍSICA
N. páginas ou volumes 553 p. ;
Dimensões 24 cm
504 ## - NOTA DE BIBLIOGRAFIA, ETC.
Nota de bibliografia Inclui bibliografia.
590 ## - NOTA LOCAL
Nota local A Biblioteca possui a 1. reimpr. 2019.
650 ## - ASSUNTO TÓPICO
Cabeçalho tópico ou nome geográfico Meio ambiente
Subdivisão geral Medidas administrativas
650 ## - ASSUNTO TÓPICO
Cabeçalho tópico ou nome geográfico Meio ambiente
Subdivisão geral Medidas legislativas
650 ## - ASSUNTO TÓPICO
Cabeçalho tópico ou nome geográfico Licenciamento ambiental
942 ## - ELEMENTOS DE ENTRADA ADICIONAIS (KOHA)
Fonte de classificação ou esquema de arquivamento Classificação Decimal Universal
Tipo de item do Koha Livros
Holdings
Estado: removido Estado: perdido Fonte de classificação ou esquema de arquivamento Estado: danificado Indisponível para empréstimo Localização permanente Localização atual Data de aquisição Total Checkouts Número de Chamada completo Código de barras Date last seen Número do exemplar Preço efetivo a partir de Tipo de item (Koha) Nota pública
    Classificação Decimal Universal     Biblioteca da Escola Superior de Contas do TCE/MT Biblioteca da Escola Superior de Contas do TCE/MT 06/08/2019   502.14 B611l 4. ed. BIBTCEMT23110439 10/11/2023 Ex. 1 10/11/2023 Livros 1. reimpr. 2019
    Classificação Decimal Universal     Biblioteca da Escola Superior de Contas do TCE/MT Biblioteca da Escola Superior de Contas do TCE/MT 06/08/2019   502.14 B611l 4. ed. BIBTCEMT23110440 10/11/2023 Ex. 2 10/11/2023 Livros 1. reimpr. 2019

Powered by Koha